Statistiken für Allgemeinwissen - Einfach #3

Klicken Sie hier um das Quiz zu spielen!

Allgemein

  • Dieses Quiz wurde 50.472 mal gespielt
  • Das Durchschnittsergebnis liegt bei 16 aus 20

Antwortstatistiken

FrageAntwort% Korrekt
Welche sind die zwei größten Länder der Welt nach Fläche?Russland
99%
Als was ist H2O besser bekannt?Wasser
99%
Auf welchem Gegenstand fliegen Hexen?Besen
95%
Nennen Sie eine Amtssprache Belgiens.Deutsch, Französisch,
Niederländisch
91%
Welche Frucht wird für Guacamole benötigt?Avocado
86%
Wie hieß der erste Mensch auf dem Mond?Neil Armstrong
85%
Welche sind die zwei größten Länder der Welt nach Fläche?Kanada
84%
Von welchem Comicverlag stammen Spiderman, Captain America, und die X-Men?Marvel
84%
Wie heißt die einwohnerreichste Stadt der Türkei?Istanbul
83%
Von welcher Partei wurde Deutschland während des zweiten Weltkrieges kontrolliert?NSDAP
79%
In welchem Film kommen Timon und Pumbaa vor?Der König der Löwen
77%
Welcher Boxer wurde vom Olympischen Komitee zum
"Sportler des 20.Jahrhunderts" gewählt?
Muhammad Ali
77%
Welcher Microsoft-Mitgründer führte bereits mehrfach die Liste der reichsten
Menschen der Welt an?
Bill Gates
75%
Der Flughafen Heathrow befindet sich in welcher Stadt?London
72%
Aus welcher Filmreihe stammen die Charaktere Captain Kirk und Commander Spock?Star Trek
72%
Welchen Vornamen verwendeten mindestens 18 verschiedene französische Könige?Ludwig
69%
Welches Blechblasinstrument spiel(t)en Miles Davis und Till Brönner?Trompete
67%
Und in welchem Land liegt diese Stadt?Brasilien
58%
In welchem Roman kommen die Grinsekatze und der verrückte Hutmacher vor?Alice im Wunderland
55%
In welcher Stadt wurden die Olympischen Sommerspiele 2016 ausgetragen?Rio de Janeiro
55%

Verteilung der Resultate

Perzentil nach korrekt beantworteten Fragen

Anzahl Personen mit jedem Resultat

Ihre Resultats-Entwicklung

Sie haben dieses Quiz noch nicht gespielt